000 00535nam a22001817a 4500
003 koha_MIRAKIL
005 20231213095835.0
008 231213b |||||||| |||| 00| 0 ||| d
020 _b978-9-75263899-0
040 _aTR-IsEVY
_btur
_cTR-IsEVY
082 _a939.2 ÖZD/D
100 _aÖzdamarlar, Metin.
245 0 _aDestan yazanlar
_bilk Türk devletlerinde kültür ve uygarlık
260 _bTimaş Çocuk,
_c2009
300 _a32 s.
650 _aİslamiyet öncesi Türk tarihi -- Kültür ve uygarlık
942 _2ddc
_cBK
999 _c10312
_d10312